Statistics for Shared Prefixes Quiz #2

Click here to take the quiz!

General Stats

  • This quiz has been taken 20,748 times
    (14,554 since last reset)
  • The average score is 12 of 21

Answer Stats

Words % Correct
{Bi}cycle, {Bi}ped
92%
{Demo}cracy, {Demo}graphy
83%
{Pyro}technic, {Pyro}maniac
76%
{Geo}thermal, {Geo}desic
74%
{Mini}skirt, {Mini}van
73%
{Step}ladder, {Step}brother
73%
{Multi}cultural, {Multi}grain
72%
{Down}grade, {Down}trodden
68%
{Inter}change, {Inter}loper
64%
{Neo}lithic, {Neo}natal
61%
{Dis}mount, {Dis}robe
60%
{Circum}scribe, {Circum}navigate
57%
{Mal}odorous, {Mal}feasance
55%
{Amphi}theater, {Amphi}bious
47%
{Contra}band, {Contra}ception
46%
{Zoo}plankton, {Zoo}keeper
40%
{Counter}punch, {Counter}weight
28%
{Tele}gram, {Tele}commute
26%
{Non}factor, {Non}dairy
23%
{Fore}ground, {Fore}father
22%
{Syn}apse, {Syn}tax
21%

Score Distribution

Percentile by Number Answered

Percent of People with Each Score

Your Score History

You have not taken this quiz since the last reset